000
00334nam a2200145Ia 4500
008
230718s9999 xx 000 0 und d
041
_a
Eng.
082
_a
297.93
_b
SYE-Y
100
_a
syed Anwar
245
0
_a
yaad Nama Dr. Wazir
260
_a
Pakistan
_b
Jamhori Publications
_c
2015
300
_a
145
650
_a
Law
999
_c
31544
_d
31544